| 000 | 00580nam a2200205 4500 | ||
|---|---|---|---|
| 003 | OSt | ||
| 005 | 20231214061736.0 | ||
| 008 | 160226b xxu||||| |||| 00| 0 eng d | ||
| 020 | _a0333606744 | ||
| 040 | _c040a | ||
| 082 | _a301 HAL 1996 | ||
| 100 |
_aHall, David; Hill, Irene _96850 |
||
| 245 |
_aPractical Social Research : _bproject work in community |
||
| 260 |
_aHampshire; _bMacmillan press, _c1996 |
||
| 300 |
_axvi, 305p ; _bill : _c10 cm. |
||
| 504 | _aIncludes index | ||
| 650 |
_aResearch methods _92296 |
||
| 650 |
_aCommunity research _916862 |
||
| 942 |
_2ddc _cSLOAN |
||
| 999 |
_c3089 _d3089 |
||